Schaum's outline of theory and porblems of statistics (Record no. 7820)

000 -LEADER
fixed length control field 00583nam a22002177a 4500
001 - CONTROL NUMBER
control field 7820
003 - CONTROL NUMBER IDENTIFIER
control field BD-DhUET
008 - FIXED-LENGTH DATA ELEMENTS--GENERAL INFORMATION
fixed length control field 141213b xxu||||| |||| 00| 0 eng d
020 ## - INTERNATIONAL STANDARD BOOK NUMBER
International Standard Book Number 070602271
020 ## - INTERNATIONAL STANDARD BOOK NUMBER
International Standard Book Number 0070990085
040 ## - CATALOGING SOURCE
Transcribing agency 0
Modifying agency BD-DhUET
082 ## - DEWEY DECIMAL CLASSIFICATION NUMBER
Classification number 519.9
Item number SPI/1961
100 ## - MAIN ENTRY--PERSONAL NAME
Personal name Spiegel, Murray R.
245 ## - TITLE STATEMENT
Title Schaum's outline of theory and porblems of statistics
Statement of responsibility, etc. in SI units
250 ## - EDITION STATEMENT
Edition statement 1st ed.
260 ## - PUBLICATION, DISTRIBUTION, ETC. (IMPRINT)
Place of publication, distribution, etc. New York
Name of publisher, distributor, etc. McGraw-Hill
Date of publication, distribution, etc. 1961
300 ## - PHYSICAL DESCRIPTION
Extent vii, 359p.
Other physical details ill.
Dimensions 35 cm.
490 ## - SERIES STATEMENT
Series statement Schau's outline series
650 #0 - SUBJECT ADDED ENTRY--TOPICAL TERM
Topical term or geographic name as entry element Statistical mathematics
942 ## - ADDED ENTRY ELEMENTS (KOHA)
Koha item type General Book
Holdings
Not for loan Date acquired Source of classification or shelving scheme Piece designation (barcode) Price effective from Damaged status Lost status Withdrawn status Location (home branch) Sublocation or collection (holding branch) Koha full call number Koha item type Shelving location Koha date last seen Koha normalized classification for sorting Copy number
 2014-12-13 318352014-12-13   Central Library, BUETCentral Library, BUET519.9/SPI/1961General BookCirculation section2014-12-13519_900000000000000_SPI_19611
 2014-12-13 318552014-12-13   Central Library, BUETCentral Library, BUET519.9/SPI/1961General BookCirculation section2014-12-13519_900000000000000_SPI_19612
 2014-12-13 318422014-12-13   Central Library, BUETCentral Library, BUET519.9/SPI/1961General BookCirculation section2014-12-13519_900000000000000_SPI_19613
 2014-12-13 318242014-12-13   Central Library, BUETCentral Library, BUET519.9/SPI/1961General BookCirculation section2014-12-13519_900000000000000_SPI_19614
 2014-12-13 318142014-12-13   Central Library, BUETCentral Library, BUET519.9/SPI/1961General BookCirculation section2014-12-13519_900000000000000_SPI_19615
 2014-12-13 318412014-12-13   Central Library, BUETCentral Library, BUET519.9/SPI/1961General BookCirculation section2014-12-13519_900000000000000_SPI_19616
 2014-12-13 318182014-12-13   Central Library, BUETCentral Library, BUET519.9/SPI/1961General BookCirculation section2014-12-13519_900000000000000_SPI_19617
 2014-12-13 318612014-12-13   Central Library, BUETCentral Library, BUET519.9/SPI/1961General BookCirculation section2014-12-13519_900000000000000_SPI_19618
 2014-12-13 318232014-12-13   Central Library, BUETCentral Library, BUET519.9/SPI/1961General BookCirculation section2014-12-13519_900000000000000_SPI_19619
 2014-12-13 318622014-12-13   Central Library, BUETCentral Library, BUET519.9/SPI/1961General BookCirculation section2014-12-13519_900000000000000_SPI_196110
 2014-12-13 318562014-12-13   Central Library, BUETCentral Library, BUET519.9/SPI/1961General BookCirculation section2014-12-13519_900000000000000_SPI_196111
 2015-07-09 313872015-07-09   Central Library, BUETCentral Library, BUET519.9/SPI/1961Reading ItemReading section2015-07-09519_900000000000000_SPI_196112